Guatemala: Militares tras escudo de neutralidad /
Ante todo señala que, para el gobierno de Vinicio Cerezo, la realización de la reunión y firma de los acuerdos de 'Esquipulas II', representó un éxito de sus planteamientos de "neutralidad activa" y un paso adelante en la consolidación de un gobierno con serias dificultades para...
Guardat en:
| Autor principal: | |
|---|---|
| Format: | Text |
| Matèries: | |
| Etiquetes: |
Afegir etiqueta
Sense etiquetes, Sigues el primer a etiquetar aquest registre!
|
MARC
| LEADER | 00000 a a2200000 04500 | ||
|---|---|---|---|
| 001 | 1660 | ||
| 003 | |||
| 040 | |||
| 100 | |a Dávila Sánchez, Luis Rodolfo | ||
| 245 | |a Guatemala: |b Militares tras escudo de neutralidad / |c Luis Rodolfo Dávila Sánchez | ||
| 520 | |a Ante todo señala que, para el gobierno de Vinicio Cerezo, la realización de la reunión y firma de los acuerdos de 'Esquipulas II', representó un éxito de sus planteamientos de "neutralidad activa" y un paso adelante en la consolidación de un gobierno con serias dificultades para reafirmarse en el poder. La hipótesis que desarrolla Avila es: el hecho mismo de la neutralidad es obra de los gobiernos anteriores y, por otra parte, más que un postulado de principios doctrinarios y de tradición, la neutralidad representa una estrategia de utilidad para enfrentar a un enemigo interno con el cual se ha enfrascado en una sangrienta e interminable guerra que ya ha costado miles de muertos y desaparecidos al pueblo guatemalteco. Concluye con el cuestionamiento de si la neutralidad es simple y sencillamente un recurso para ganar imagen o lograr mayor ayuda militar, pues los hechos apuntan a que en el plano internacional la imagen ha mejorado, mientras que en el plano interno nada se ha resuelto. EB/mb | ||
| 650 | |a POLITICA EXTERIOR | ||
| 650 | |a NEUTRALIDAD | ||
| 650 | |a NO ALINEACION | ||
| 650 | |a FUERZAS ARMADAS | ||
| 650 | |a GUERRILLEROS | ||
| 650 | |a GUERRA CIVIL | ||
| 650 | |a MILITARISMO | ||
| 773 | |g número 37; páginas 29-30 | ||
| 999 | |c 25951 |d 25951 | ||
